000 00320nam a2200133Ia 4500
005 20251222140051.0
008 251222s1900||||xx |||||||||||||| ||spa||
020 _a88704620
082 _a180/B27
100 _aMondin, Batista
245 0 _aIL Sistema Filosófico di Tommaso d' Aquino
264 _bMassimo
942 _cLIB
999 _c3587
_d3587